000 00200 a2200097 4500
001 10511
100 _aWaterston,A.
245 _aPlanning in Pakistan
260 _a
_bHopkins
_c
090 _c8126
_d8126
942 _aNUST-CAE
_cM
_c34852
999 _c245584
_d245584